000 00673nam a2200193Ia 4500
003 LDD
008 190117s9999 xx 000 0 und d
020 _a9788126717255
_c₹300
040 _cLDD
041 _ahi
082 _a8H4.09 रा26492पा
100 _aराजनाथ
245 0 _aपाश्चात्य काव्यशास्त्रः नई प्रवृत्तियां
_cराजनाथ
260 _aनई दिल्ली
_bराजकमल
_c2009
300 _a238पृ.
901 _aRKPPL
904 _aReqst by : Jitendra Kumar Shrivast
942 _2ddc
_cH
999 _c168343
_d168343